| 000 | 00401cam a22001097a 4500 | ||
|---|---|---|---|
| 008 | 180718b1966 xxu||||| |||| 00| 0 eng d | ||
| 082 | _aT217 Un3r | ||
| 245 |
_aReport of expert group on second- hand equipment for developing countries _cby Centre for Industrial Development, U.S.A. |
||
| 260 |
_aNew York _bGovernment of India _c1966 |
||
| 300 | _a24+p | ||
| 700 | _aU.S.A. Centre for Industrial Development | ||
| 999 |
_c497605 _d497605 |
||